000 00398nam a22001457a 4500
005 20200613145956.0
008 200613b xxu||||| |||| 00| 0 eng d
082 _a345.4 AIR
110 _aALL INDIA REPORTER
_96092
245 _aALL INDIA REPORTER , [1984] [VOL-71] BOMBAY SECTION
260 _aMUMBAI
_bALL INDIA REPORTER , PVT. LTD.
300 _a416; p
650 _aLAW
_95701
942 _cJRL
999 _c7150
_d7148